[Event "FRA-ch U14 Girls"]
[Site "Aix les Bains"]
[Date "2009.04.22"]
[Round "5"]
[White "Verwaerde, Jolanthe"]
[Black "Kambrath, Linda"]
[Result "1/2-1/2"]
[WhiteElo "1590"]
[BlackElo "1680"]
[PlyCount "100"]
[EventDate "2009.04.19"]
[EventType "swiss"]
[EventRounds "9"]
[EventCountry "FRA"]
[SourceTitle "CBM 130 Extra"]
[Source "ChessBase"]
[SourceDate "2009.07.02"]
[SourceVersion "2"]
[SourceVersionDate "2009.07.15"]
[SourceQuality "1"]

1. e4 e5 2. Nf3 Nc6 3. d4 exd4 4. Bc4 Bb4+ 5. c3 dxc3 6. 0-0 Nge7 7. a3 Bc5 8. Nxc3 0-0 9. b4 Bb6 10. Bb2 d6 11. Qb3 Nd4 12. Nxd4 Bxd4 13. Rad1 Bf6 14. Ne2 Bxb2 15. Qxb2 Ng6 16. Ng3 Kh8 17. Qd4 f6 18. f4 a6 19. f5 Ne5 20. Bb3 Bd7 21. Qf2 Bb5 22. Ne2 a5 23. Rd2 axb4 24. axb4 Ra3 25. Bc2 Ra2 26. Rc1 Qe8 27. Nd4 Bd3 28. Ne6 Rf7 29. Bb1 Rxd2 30. Qxd2 Bxb1 31. Rxb1 Nc4 32. Qc3 b5 33. Ra1 Qb8 34. Qd4 h6 35. Qa7 Qb6+ 36. Qxb6 Nxb6 37. Ra5 c6 38. Ra6 Rb7 39. Nd8 Rb8 40. Nxc6 Rb7 41. Ra7 Rxa7 42. Nxa7 d5 43. exd5 Nxd5 44. Nxb5 Nxb4 45. Nd6 Kg8 46. Kf2 Kf8 47. Kf3 Ke7 48. Ne4 Nd3 49. g4 Ne5+ 50. Kg3 Nd3 1/2-1/2

[Event "FRA-ch U12 Girls"]
[Site "Le Grand Bornand"]
[Date "2007.04.??"]
[Round "7"]
[White "Navez, Flore"]
[Black "Verwaerde, Jolanthe"]
[Result "1-0"]
[WhiteElo "1560"]
[BlackElo "1410"]
[PlyCount "75"]
[EventDate "2007.04.07"]
[EventType "swiss"]
[EventRounds "9"]
[EventCountry "FRA"]
[SourceTitle "CBM 118 Extra"]
[Source "ChessBase"]
[SourceDate "2007.07.04"]
[SourceVersion "1"]
[SourceVersionDate "2007.07.04"]
[SourceQuality "1"]

1. d4 d5 2. c4 c6 3. Nf3 e6 4. Nc3 f5 5. g3 Nf6 6. Bg2 Bd6 7. Bg5 0-0 8. e3 Bd7 9. 0-0 Be8 10. Qc2 Nbd7 11. cxd5 cxd5 12. Nb5 Rc8 13. Qd2 Bb8 14. Rac1 a6 15. Rxc8 Qxc8 16. Nc3 h6 17. Bxf6 Nxf6 18. Rc1 Qd7 19. Ne5 Bxe5 20. dxe5 Ne4 21. Nxe4 dxe4 22. Qxd7 Bxd7 23. Rc7 Bc6 24. Bf1 Rd8 25. Bc4 Rd1+ 26. Kg2 Rd2 27. Bxe6+ Kf8 28. Bxf5 Rxb2 29. Be6 Ba4 30. Bd5 Bc2 31. Rxb7 Rxb7 32. Bxb7 Bd3 33. f4 Kf7 34. f5 Ke7 35. Kh3 Bf1+ 36. Kg4 Be2+ 37. Kf4 Bc4 38. Kxe4 1-0

[Event "FRA-ch U12 Girls"]
[Site "Le Grand Bornand"]
[Date "2007.04.??"]
[Round "3"]
[White "Verwaerde, Jolanthe"]
[Black "Fischer, Julie"]
[Result "0-1"]
[WhiteElo "1410"]
[BlackElo "1600"]
[PlyCount "94"]
[EventDate "2007.04.07"]
[EventType "swiss"]
[EventRounds "9"]
[EventCountry "FRA"]
[SourceTitle "CBM 118 Extra"]
[Source "ChessBase"]
[SourceDate "2007.07.04"]
[SourceVersion "1"]
[SourceVersionDate "2007.07.04"]
[SourceQuality "1"]

1. e4 c5 2. c3 Nc6 3. Nf3 d6 4. d4 cxd4 5. cxd4 Nf6 6. Nc3 g6 7. d5 Ne5 8. Nxe5 dxe5 9. Bb5+ Bd7 10. Qa4 a6 11. Bxd7+ Nxd7 12. 0-0 b5 13. Qd1 Nc5 14. Be3 e6 15. dxe6 Nxe6 16. Qxd8+ Rxd8 17. Rfd1 Nd4 18. Bxd4 exd4 19. Ne2 d3 20. Nc1 d2 21. Nb3 Bh6 22. g3 0-0 23. f4 g5 24. Rxd2 Rxd2 25. Nxd2 gxf4 26. gxf4 Bxf4 27. Nf3 Rc8 28. b3 Rc3 29. Rf1 Re3 30. Nd2 Re2 31. Rxf4 Rxd2 32. a4 bxa4 33. bxa4 Rd4 34. a5 Ra4 35. Rg4+ Kf8 36. Rh4 Rxa5 37. Rxh7 Ra1+ 38. Kf2 a5 39. Rh8+ Ke7 40. Ra8 a4 41. h4 a3 42. h5 a2 43. h6 Rh1 44. Rxa2 Rh2+ 45. Kg3 Rxa2 46. h7 Ra8 47. Kg4 Rh8 0-1